The whole building handbook (Record no. 110755)

MARC details
000 -LEADER
fixed length control field 01367cam a22002415a 4500
001 - CONTROL NUMBER
control field L150154
008 - FIXED-LENGTH DATA ELEMENTS--GENERAL INFORMATION
fixed length control field 100608s2010 xxk f 001 0 eng d
020 ## - INTERNATIONAL STANDARD BOOK NUMBER
International Standard Book Number 9781844075232
035 ## - SYSTEM CONTROL NUMBER
System control number (Sirsi) u150154
041 0# - LANGUAGE CODE
Language code of text/sound track or separate title eng
050 04 - LIBRARY OF CONGRESS CALL NUMBER
Classification number 720.47 $1 8
100 1# - MAIN ENTRY--PERSONAL NAME
Personal name Varis Bokalders
245 04 - TITLE STATEMENT
Title The whole building handbook
Remainder of title how to design heathy, efficient and sustainable buildings
260 ## - PUBLICATION, DISTRIBUTION, ETC.
Place of publication, distribution, etc. London
Name of publisher, distributor, etc. Earthscan
Date of publication, distribution, etc. 2010
300 ## - PHYSICAL DESCRIPTION
Extent xii, 689p.
Other physical details ill.
Dimensions 25cm.
505 2# - FORMATTED CONTENTS NOTE
Formatted contents note Introduction -- Materials and construction methods -- Services -- Construction -- Implementation -- Heating and cooling -- Efficient use of electricity --Clean water -- Wate -- Renewable heat -- Renewable electicity -- Sewage -- Vegetation and cultivation --Adaptation to natural surroundings -- The social fabric -- Existing building -- People.
520 ## - SUMMARY, ETC.
Summary, etc. This book discusses the issues of design and construction of sustainable buildings. It gives technical advice on how to design and construct healthy buildings, how to design and construct buildings that use resources effciently, how to 'close' organic waste, sewage, heat and energy cycles and adaptation of buildings to local conditions.
521 ## - TARGET AUDIENCE NOTE
Target audience note Advanced
651 #4 - SUBJECT ADDED ENTRY--GEOGRAPHIC NAME
Geographic name United Kingdom
Chronological subdivision
690 ## - LOCAL SUBJECT ADDED ENTRY--TOPICAL TERM (OCLC, RLIN)
Topical term or geographic name as entry element ENVIRONMENTAL AND LAND CONSULTANCY-SUSTAINABILITY-SUSTAINABLE DEVELOPMENT
700 1# - ADDED ENTRY--PERSONAL NAME
Personal name Block, Maria
942 ## - ADDED ENTRY ELEMENTS (KOHA)
Suppress in OPAC 0
Holdings
Withdrawn status Lost status Source of classification or shelving scheme Damaged status Not for loan Home library Current library Shelving location Date acquired Total Checkouts Full call number Barcode Date last seen Copy number Price effective from Koha item type
    Dewey Decimal Classification     London London Books 08/06/2010   720.47 BOK 3075544 06/08/2019 1 06/08/2019 Book